| 000 | 00391nam a22001697a 4500 | ||
|---|---|---|---|
| 005 | 20180621121206.0 | ||
| 008 | 160601b xxu||||| |||| 00| 0 eng d | ||
| 020 | _a81-8054-726-4 | ||
| 041 | _aeng | ||
| 082 |
_b6718 _a658 |
||
| 100 |
_aGupta, C.B. _9982 |
||
| 245 | _aManagement | ||
| 260 |
_aNew Delhi _bSultan Chand & Sons, |
||
| 300 | _a544 | ||
| 650 |
_aManagement _9241 |
||
| 942 | _cBK | ||
| 999 |
_c2339 _d2338 |
||